000 00388nam a2200169Ia 4500
001 10880
003 IN-NITTTR
005 20251114233101.0
008 251113s9999||||xx |||||||||||||| ||eng||
040 _beng
040 _cIN-NITTTR
041 _aeng
082 _a510 G869H
100 _aGrewal, B. S.
245 0 _aHigher engineering mathematics /
_cGrewal, B. S.
942 _2ddc
_cBK
999 _c13516
_d13516